| 000 | 00452 a2200157 4500 | ||
|---|---|---|---|
| 005 | 20250507114006.0 | ||
| 020 | _a0-256-25865-1 | ||
| 082 | _a658.3 NOE | ||
| 100 | _aNOE, R .A . | ||
| 245 | _aReadings in Human Resource Management | ||
| 250 | _a2nd Ed. | ||
| 260 |
_aBoston, _bIrwin & McGraw -Hill, _c1997. |
||
| 300 |
_avi, 569p.: ill.; figure, table, _c25cm. |
||
| 700 | _aHOLLENBECK, J .R . , GERHART, B . & WRIGHT, P . M . | ||
| 942 |
_2ddc _cBKS |
||
| 999 |
_c2098 _d2098 |
||